000
00194 a2200097 4500
020
_a
9789685964746
041
_a
spa
100
_a
Sardou romain
245
_a
el peregrino del tiempo
942
_c
BK
999
_c
10692
_d
10692